000 00754cab a22002295a 4500
001 L144445
008 080721s2008 xxka f g 000 0 eng d
035 _a(Sirsi) u144445
041 0 _aeng
100 1 _aIves, Paul
245 0 2 _aA question of title and succession
260 _c2008
490 _aThe Letting Update Journal
_v(16)2 July 2008, 30-31(2)
520 _aArticle aimed at students discusses the issues and legislative aspects of the death of a tenant.
650 2 4 _aYOUNGMAN V HEATH
650 2 4 _aHOUSING ACT 1988
650 2 4 _aHOUSING ACT 1988 S17
650 2 4 _aRENT ACT 1977
651 4 _aEngland and Wales
_y1543-
690 _aPROPERTY-RESIDENTIAL PROPERTY-RESIDENTIAL LANDLORD AND TENANT-RESIDENTIAL TENANCIES
942 _n0
999 _c80466
_d80466